| 000 | 01089cab a2200265 4500 | ||
|---|---|---|---|
| 001 | ABS48766 | ||
| 008 | 090401t1993 xxu||||| |||| 00| 0 eng d | ||
| 035 | _a(Sirsi) u68463 | ||
| 041 | _aeng | ||
| 100 | _aKnowles, R. | ||
| 245 | _aLegal: reference to arbitration | ||
| 260 | _c1993 | ||
| 350 | _a0 | ||
| 490 |
_aChartered Quantity Surveyor _v15(10) June 1993, 15(1) |
||
| 520 | _aTwo problems of referring cases to arbitration are highlighted by reference to "Aughton Ltd v MF Kent/Services Ltd" (1991), where it was found that there was no arbitration agreement in the contract, and "Blackpool BC v F. Parkinson" (1991), where the parties ran out of time in setting up arbitration proceedings. | ||
| 650 | _aBUILT ENVIRONMENT-BUILDING CONTRACT FORMS | ||
| 650 | _aFINAL CERTIFICATES | ||
| 650 | _aGC/WORKS/1 ED 2 | ||
| 650 | _aJCT 1963 | ||
| 650 | _aTIMING | ||
| 690 | _aMANAGEMENT-DISPUTE AVOIDANCE, MANAGEMENT AND RESOLUTION-DISPUTE MANAGEMENT AND RESOLUTION-ARBITRATION | ||
| 690 | _aBUILT ENVIRONMENT-BUILDING CONTRACT FORMS | ||
| 942 | _n0 | ||
| 948 | _c04/03/1997 | ||
| 999 |
_c42955 _d42955 |
||